European Countries with the Letter I - Statistics

General Stats
  • This quiz has been taken 491 times
  • The average score is 20 of 27
Answer Stats
Country % Correct
Ireland
93%
Italy
90%
Iceland
89%
United Kingdom
83%
Spain
82%
Finland
79%
Belgium
78%
Latvia
78%
Lithuania
77%
Slovenia
77%
Albania
76%
Bulgaria
76%
Slovakia
76%
Croatia
75%
Liechtenstein
75%
Estonia
74%
Russia
73%
Vatican City
73%
Romania
72%
Serbia
72%
Switzerland
72%
Ukraine
71%
Austria
70%
Bosnia and Herzegovina
70%
San Marino
69%
Czech Republic
65%
North Macedonia
63%
No matching quizzes found
Score Distribution
Percent of People with Each Score
Percentile by Number Answered
Your Score History
You have not taken this quiz